Top 30 des marques d'éléctroménager - 2021 - Statistiques

Statistiques générales
  • Ce quiz a été pris 199 fois
  • Le résultat moyen est 5 sur 30
Statistiques - réponses
Rang Marque % Correct
3_ Samsung
80%
4_ Bosch
60%
2_ LG Electronnics
57%
11_ Moulinex
39%
19_ Electrolux
36%
1_ Whirlpool
32%
8_ Miele
31%
18_ Siemens
31%
9_ Brandt
25%
5_ Smeg
20%
20_ Panasonic
12%
10_ Sauter
11%
14_ Vedette
11%
13_ De Dietrich
10%
16_ Liebherr
10%
25_ Neff
9%
7_ Kitchen Aid
8%
29_ Toshiba
8%
17_ DeLonghi
7%
15_ Rosières
6%
24_ Zanussi
4%
12_ Airlux
3%
6_ Mitsubishi Electric
3%
21_ Hitachi
2%
26_ Ariete
1%
28_ Black & Decker
1%
23_ Ignis
1%
27_ Nardi
1%
22_ Ocean
1%
30_ Sanyo
1%
Aucun quiz correspondant
Distribution des résultats
% des personnes avec chaque résultat
Percentile par nombre de réponses
Votre historique - résultats
Vous n’avez pas pris ce quiz